| 000 | 00418pam a2200157 a 4500 | ||
|---|---|---|---|
| 020 |
_a8172252153 _c |
||
| 041 | _h | ||
| 082 |
_a618.2 _bDAF/DAF |
||
| 100 | _aDAFTARY S.N., DESAI S.V. | ||
| 245 |
_aSELECTED TOPICS IN OBSTETRICS AND GYNAECOLOGY 1. FOR P.G. & PRACTITIONERS _hTextual Documents |
||
| 250 | _a1 ED. | ||
| 260 |
_bB.I. PUB. _c2007 |
||
| 300 |
_a298: _bVIII; _cPB. |
||
| 930 | _a4760 | ||
| 999 |
_c799288 _d799288 |
||
| 650 | _aOBST.GYNE | ||